Reverzná logistika v podniku bakalárska práca

Enregistré dans:
Détails bibliographiques
Auteur principal: Petrík, Tomáš
Collectivité auteur: Fakulta podnikového manažmentu EU. Katedra manažmentu výroby a logistiky - zrušená
Autres auteurs: Melich, Pavel
Format: Livre
Langue:slovaque
Publié: Bratislava 2018
Tags: Ajouter un tag
Pas de tags, Soyez le premier à ajouter un tag!

MARC

LEADER 00000nbm a2200000 4500
001 0244716
005 20181004142501.4
041 0 |a slo 
044 |a SK 
245 1 0 |a Reverzná logistika v podniku  |b bakalárska práca  |c Tomáš Petrík ; školiteľ: Pavel Melich 
264 1 |a Bratislava  |c 2018 
300 |a 50 s. 
100 1 |a Petrík, Tomáš 
700 1 |a Melich, Pavel 
710 2 |a Fakulta podnikového manažmentu EU. Katedra manažmentu výroby a logistiky - zrušená